01098 2200385 4500001002100000005001500021035002000036007000300056040001700059100003800076245010700114250001000221300003600231020001800267041000800285082001200293084001800305090001900323264002800342336002100370337003000391338002300421650001200444700004800456850001000504008004100514500002800555990001500583990001900598990001900617990001900636990002100655990002100676990001500697INLIS00000000000490020260516105522 a0010-0122000532ta aSBPUPADbind0 aHusain Husain SyahatahePengarang1 aSuap dan Korupsi Dalam Perspektif Syariah /cHusain Husain Syahatah ; Penerjemah, Kamran As'ad Irsyady acet.2 av, 55 hal. :bilus. ;c13x19 cm a979-9392-30-60 aind a2x4.591 a2x4.591 HUS s a327 WAN s 2-18 aJakarta :bAmzah,c2008 2rdacontentaTeks 2rdamediaaTanpa Perantara 2rdacarrieraVolume 4apolitik aPenerjemah, Kamran As'ad IrsyadyePengarang aPUPAD260516 0  aprofil penulis: hlm, 55 a16998/2012 a373/BR/KAPD/11 a374/BR/KAPD/11 a375/BR/KAPD/11 a16999/BR/KAPD/12 a17000/BR/KAPD/12 a16997/2012